Techniques entomologiques practiques pour la lutte antipaludique Vol. 1 Guide du stagiare
Salvato in:
| Autore principale: | |
|---|---|
| Natura: | Libro |
| Lingua: | Undetermined |
| Pubblicazione: |
Genève
OMS
1994
|
| Soggetti: | |
| Tags: |
Aggiungi Tag
Nessun Tag, puoi essere il primo ad aggiungerne! !
|
| Thư viện lưu trữ: | Trung tâm Học liệu Trường Đại học Cần Thơ |
|---|
| LEADER | 00540nam a2200193Ia 4500 | ||
|---|---|---|---|
| 001 | CTU_7349 | ||
| 008 | 210402s9999 xx 000 0 und d | ||
| 082 | |a 614.532 | ||
| 082 | |b T255/T1 | ||
| 100 | |a OMS | ||
| 245 | 0 | |a Techniques entomologiques practiques pour la lutte antipaludique Vol. 1 | |
| 245 | 0 | |b Guide du stagiare | |
| 245 | 0 | |c OMS | |
| 260 | |a Genève | ||
| 260 | |b OMS | ||
| 260 | |c 1994 | ||
| 650 | |a public health | ||
| 904 | |i Nguyễn Quang Điền, 960601 | ||
| 980 | |a Trung tâm Học liệu Trường Đại học Cần Thơ | ||